000 00827nab a2200241 u 4500
001 11169
003 HDC
007 cr bn ---aaaaa
008 210206c9999 |r|noo 0 a eng d
040 _aHDC
110 _aSouth Asian Media Net
245 0 _aSingapore Islamic authority approve Maldives halal certificates
260 _a[no place] :
_b[publisher not identified],
_c[no year]
336 _atext
_2rdacontent
337 _acomputer
_2rdamedia
338 _aonline resource
_2rdacarrier
650 _aHalal certification
_9753
650 _aMaldives halal certificates
_911410
856 _zRequest full-text at [email protected]
942 _2lcc
942 _cNEWS
942 _kNWSO 001267
999 _c8492
_d8492